Statistics for EXTREME Capitals of The Americas

Click here to take the quiz!

General Stats

  • This quiz has been taken 481 times
  • The average score is 30 of 35

Answer Stats

CountryCapital% Correct
MexicoMexico City
99%
ArgentinaBuenos Aires
98%
BrazilBrasilia
97%
ChileSantiago
97%
United States of AmericaWashington D.C.
97%
ColombiaBogotá
96%
PeruLima
96%
CubaHavana
95%
BoliviaLa Paz/Sucre
95%
PanamaPanama City
95%
EcuadorQuito
95%
VenezuelaCaracas
94%
UruguayMontevideo
94%
CanadaOttawa
94%
JamaicaKingston
92%
El SalvadorSan Salvador
91%
ParaguayAsunción
90%
GuatemalaGuatemala City
90%
GuyanaGeorgetown
89%
HaitiPort-au-Prince
89%
Costa RicaSan José
85%
Dominican RepublicSanto Domingo
84%
NicaraguaManagua
83%
The BahamasNassau
81%
SurinameParamaribo
81%
Trinidad and TobagoPort-of-Spain
81%
HondurasTegucigalpa
78%
BelizeBelmopan
77%
St. Vincent & the GrenadinesKingstown
73%
Antigua and BarbudaSt. John's
71%
BarbadosBridgetown
69%
DominicaRoseau
69%
GrenadaSt. George's
62%
St. Kitts and NevisBasseterre
60%
St. LuciaCastries
59%

Score Distribution

Percentile by Number Answered

Percent of People with Each Score

Your Score History

You have not taken this quiz